County Seats Of Tennessee - Statistics

General Stats
  • This quiz has been taken 53 times
  • The average score is 57 of 95
Answer Stats
County Seat % Correct
Hamilton Chattanooga
100%
Knox Knoxville
100%
Davidson Nashville
100%
Shelby Memphis
93%
Madison Jackson
86%
Montgomery Clarksville
79%
Williamson Franklin
79%
Sumner Gallatin
79%
Chester Henderson
79%
Rutherford Murfreesboro
79%
Sevier Sevierville
79%
Putnam Cookeville
71%
Crockett Alamo
64%
Cheatham Ashland City
64%
Haywood Brownsville
64%
Benton Camden
64%
Dickson Charlotte
64%
Bradley Cleveland
64%
Maury Columbia
64%
Cumberland Crossville
64%
Meigs Decatur
64%
Decatur Decaturville
64%
Dyer Dyersburg
64%
Houston Erin
64%
Greene Greeneville
64%
Lawrence Lawrenceburg
64%
Wilson Lebanon
64%
Marshall Lewisburg
64%
Moore Lynchburg
64%
Coffee Manchester
64%
Blount Maryville
64%
Warren McMinnville
64%
Hamblen Morristown
64%
Giles Pulaski
64%
Bedford Shelbyville
64%
Lake Tiptonville
64%
Obion Union City
64%
Humphreys Waverly
64%
Wayne Waynesboro
64%
Hardeman Bolivar
57%
Smith Carthage
57%
Hickman Centerville
57%
Anderson Clinton
57%
Tipton Covington
57%
Stewart Dover
57%
Weakley Dresden
57%
Carter Elizabethton
57%
Lincoln Fayetteville
57%
Trousdale Hartsville
57%
Carroll Huntingdon
57%
Roane Kingston
57%
Macon Lafayette
57%
Henderson Lexington
57%
Cocke Newport
57%
Henry Paris
57%
Lauderdale Ripley
57%
Hardin Savannah
57%
McNairy Selmer
57%
DeKalb Smithville
57%
Hancock Sneedville
57%
White Sparta
57%
Robertson Springfield
57%
Gibson Trenton
57%
Franklin Winchester
57%
Cannon Woodbury
57%
Grundy Altamont
50%
McMinn Athens
50%
Polk Benton
50%
Sullivan Blountville
50%
Pickett Byrdstown
50%
Clay Celina
50%
Jefferson Dandridge
50%
Rhea Dayton
50%
Unicoi Erwin
50%
Jackson Gainesboro
50%
Lewis Hohenwald
50%
Scott Huntsville
50%
Campbell Jacksboro
50%
Fentress Jamestown
50%
Marion Jasper
50%
Washington Jonesborough
50%
Perry Linden
50%
Overton Livingston
50%
Monroe Madisonville
50%
Union Maynardville
50%
Johnson Mountain City
50%
Bledsoe Pikeville
50%
Hawkins Rogersville
50%
Van Buren Spencer
50%
Claiborne Tazewell
50%
Morgan Wartburg
50%
Sequatchie Dunlap
43%
______ Loudon
43%
Grainger Rutledge
43%
Fayette Somerville
43%
No matching quizzes found
Score Distribution
Percent of People with Each Score
Percentile by Number Answered
Your Score History
You have not taken this quiz